<?xml version="1.0" encoding="UTF-8"?>
<record
    xmlns:xsi="http://www.w3.org/2001/XMLSchema-instance"
    xsi:schemaLocation="http://www.loc.gov/MARC21/slim http://www.loc.gov/standards/marcxml/schema/MARC21slim.xsd"
    xmlns="http://www.loc.gov/MARC21/slim">

  <leader>00707nam a22002537a 4500</leader>
  <controlfield tag="001"> 36356 </controlfield>
  <controlfield tag="003">UA-OsUOA</controlfield>
  <controlfield tag="005">20200729170919.0</controlfield>
  <controlfield tag="007">ta</controlfield>
  <controlfield tag="008">20060123b un ||||| |||| 00| 0 ukr d</controlfield>
  <datafield tag="020" ind1=" " ind2=" ">
    <subfield code="a">9663642068</subfield>
  </datafield>
  <datafield tag="040" ind1=" " ind2=" ">
    <subfield code="a">UA-OsUOA</subfield>
    <subfield code="b">ukr</subfield>
    <subfield code="c">UA-OsUOA</subfield>
    <subfield code="d">UA-OsUOA</subfield>
  </datafield>
  <datafield tag="041" ind1=" " ind2=" ">
    <subfield code="a">ukr</subfield>
  </datafield>
  <datafield tag="080" ind1=" " ind2=" ">
    <subfield code="a">2(075.8)</subfield>
  </datafield>
  <datafield tag="090" ind1=" " ind2=" ">
    <subfield code="a">2(075.8)</subfield>
    <subfield code="b">&#x411;82</subfield>
  </datafield>
  <datafield tag="100" ind1=" " ind2=" ">
    <subfield code="a">&#x411;&#x43E;&#x440;&#x438;&#x441;&#x43E;&#x432;&#x430; &#x417;. &#x41E;.</subfield>
  </datafield>
  <datafield tag="245" ind1=" " ind2=" ">
    <subfield code="a">&#x41E;&#x441;&#x43D;&#x43E;&#x432;&#x438; &#x440;&#x435;&#x43B;&#x456;&#x433;&#x456;&#x454;&#x437;&#x43D;&#x430;&#x432;&#x441;&#x442;&#x432;&#x430;</subfield>
    <subfield code="b">&#x43D;&#x430;&#x432;&#x447;.-&#x43C;&#x435;&#x442;&#x43E;&#x434;. &#x43F;&#x43E;&#x441;&#x456;&#x431;.</subfield>
  </datafield>
  <datafield tag="260" ind1=" " ind2=" ">
    <subfield code="a">&#x41A;.</subfield>
    <subfield code="c">2006</subfield>
    <subfield code="b">&#x426;&#x41D;&#x41B;</subfield>
  </datafield>
  <datafield tag="300" ind1=" " ind2=" ">
    <subfield code="a">288 &#x441;.</subfield>
  </datafield>
  <datafield tag="650" ind1=" " ind2="7">
    <subfield code="a">2 &#x420;&#x435;&#x43B;&#x456;&#x433;&#x456;&#x44F;. &#x422;&#x435;&#x43E;&#x43B;&#x43E;&#x433;&#x456;&#x44F;.</subfield>
    <subfield code="2">UDC</subfield>
  </datafield>
  <datafield tag="942" ind1=" " ind2=" ">
    <subfield code="c">BK</subfield>
    <subfield code="2">udc</subfield>
  </datafield>
  <datafield tag="955" ind1=" " ind2=" ">
    <subfield code="a">2</subfield>
  </datafield>
  <datafield tag="999" ind1=" " ind2=" ">
    <subfield code="c">322590</subfield>
    <subfield code="d">322590</subfield>
  </datafield>
  <datafield tag="952" ind1=" " ind2=" ">
    <subfield code="0">0</subfield>
    <subfield code="1">0</subfield>
    <subfield code="2">udc</subfield>
    <subfield code="4">0</subfield>
    <subfield code="7">0</subfield>
    <subfield code="a">102</subfield>
    <subfield code="b">102</subfield>
    <subfield code="d">2006-01-23</subfield>
    <subfield code="e">6/2006</subfield>
    <subfield code="g">20.00</subfield>
    <subfield code="i">94185</subfield>
    <subfield code="l">0</subfield>
    <subfield code="o">2(075.8) &#x411;82</subfield>
    <subfield code="p">94185</subfield>
    <subfield code="r">2022-02-07 00:00:00</subfield>
    <subfield code="w">2006-01-23</subfield>
    <subfield code="y">BK</subfield>
  </datafield>
  <datafield tag="952" ind1=" " ind2=" ">
    <subfield code="0">0</subfield>
    <subfield code="1">0</subfield>
    <subfield code="2">udc</subfield>
    <subfield code="4">0</subfield>
    <subfield code="7">0</subfield>
    <subfield code="a">102</subfield>
    <subfield code="b">102</subfield>
    <subfield code="d">2006-01-23</subfield>
    <subfield code="e">6/2006</subfield>
    <subfield code="g">20.00</subfield>
    <subfield code="i">94186</subfield>
    <subfield code="l">0</subfield>
    <subfield code="o">2(075.8) &#x411;82</subfield>
    <subfield code="p">94186</subfield>
    <subfield code="r">2022-02-11 00:00:00</subfield>
    <subfield code="w">2006-01-23</subfield>
    <subfield code="y">BK</subfield>
  </datafield>
  <datafield tag="952" ind1=" " ind2=" ">
    <subfield code="0">0</subfield>
    <subfield code="1">0</subfield>
    <subfield code="2">udc</subfield>
    <subfield code="4">0</subfield>
    <subfield code="7">0</subfield>
    <subfield code="a">101</subfield>
    <subfield code="b">101</subfield>
    <subfield code="d">2008-04-11</subfield>
    <subfield code="e">43/2008</subfield>
    <subfield code="g">24.00</subfield>
    <subfield code="i">112921</subfield>
    <subfield code="l">0</subfield>
    <subfield code="o">2(075.8) &#x411;82</subfield>
    <subfield code="p">112921</subfield>
    <subfield code="r">2021-11-04 00:00:00</subfield>
    <subfield code="w">2008-04-11</subfield>
    <subfield code="y">BK</subfield>
  </datafield>
  <datafield tag="952" ind1=" " ind2=" ">
    <subfield code="0">0</subfield>
    <subfield code="1">0</subfield>
    <subfield code="2">udc</subfield>
    <subfield code="4">0</subfield>
    <subfield code="7">0</subfield>
    <subfield code="a">101</subfield>
    <subfield code="b">101</subfield>
    <subfield code="d">2008-04-11</subfield>
    <subfield code="e">43/2008</subfield>
    <subfield code="g">24.00</subfield>
    <subfield code="i">112922</subfield>
    <subfield code="l">0</subfield>
    <subfield code="n">1</subfield>
    <subfield code="o">2(075.8) &#x411;82</subfield>
    <subfield code="p">112922</subfield>
    <subfield code="r">2021-11-04 00:00:00</subfield>
    <subfield code="w">2008-04-11</subfield>
    <subfield code="y">BK</subfield>
  </datafield>
  <datafield tag="952" ind1=" " ind2=" ">
    <subfield code="0">0</subfield>
    <subfield code="1">0</subfield>
    <subfield code="2">udc</subfield>
    <subfield code="4">0</subfield>
    <subfield code="7">0</subfield>
    <subfield code="a">101</subfield>
    <subfield code="b">101</subfield>
    <subfield code="d">2008-04-11</subfield>
    <subfield code="e">43/2008</subfield>
    <subfield code="g">24.00</subfield>
    <subfield code="i">112923</subfield>
    <subfield code="l">0</subfield>
    <subfield code="o">2(075.8) &#x411;82</subfield>
    <subfield code="p">112923</subfield>
    <subfield code="r">2021-11-04 00:00:00</subfield>
    <subfield code="w">2008-04-11</subfield>
    <subfield code="y">BK</subfield>
  </datafield>
  <datafield tag="952" ind1=" " ind2=" ">
    <subfield code="0">0</subfield>
    <subfield code="1">0</subfield>
    <subfield code="2">udc</subfield>
    <subfield code="4">0</subfield>
    <subfield code="7">0</subfield>
    <subfield code="a">101</subfield>
    <subfield code="b">101</subfield>
    <subfield code="d">2008-04-11</subfield>
    <subfield code="e">43/2008</subfield>
    <subfield code="g">24.00</subfield>
    <subfield code="i">112924</subfield>
    <subfield code="l">0</subfield>
    <subfield code="o">2(075.8) &#x411;82</subfield>
    <subfield code="p">112924</subfield>
    <subfield code="r">2021-11-04 00:00:00</subfield>
    <subfield code="w">2008-04-11</subfield>
    <subfield code="y">BK</subfield>
  </datafield>
  <datafield tag="952" ind1=" " ind2=" ">
    <subfield code="0">0</subfield>
    <subfield code="1">0</subfield>
    <subfield code="2">udc</subfield>
    <subfield code="4">0</subfield>
    <subfield code="7">0</subfield>
    <subfield code="a">101</subfield>
    <subfield code="b">101</subfield>
    <subfield code="d">2008-04-11</subfield>
    <subfield code="e">43/2008</subfield>
    <subfield code="g">24.00</subfield>
    <subfield code="i">112925</subfield>
    <subfield code="l">0</subfield>
    <subfield code="o">2(075.8) &#x411;82</subfield>
    <subfield code="p">112925</subfield>
    <subfield code="r">2021-11-04 00:00:00</subfield>
    <subfield code="w">2008-04-11</subfield>
    <subfield code="y">BK</subfield>
  </datafield>
  <datafield tag="952" ind1=" " ind2=" ">
    <subfield code="0">0</subfield>
    <subfield code="1">0</subfield>
    <subfield code="2">udc</subfield>
    <subfield code="4">0</subfield>
    <subfield code="7">0</subfield>
    <subfield code="a">101</subfield>
    <subfield code="b">101</subfield>
    <subfield code="d">2008-04-11</subfield>
    <subfield code="e">43/2008</subfield>
    <subfield code="g">24.00</subfield>
    <subfield code="i">112926</subfield>
    <subfield code="l">0</subfield>
    <subfield code="o">2(075.8) &#x411;82</subfield>
    <subfield code="p">112926</subfield>
    <subfield code="r">2021-11-04 00:00:00</subfield>
    <subfield code="w">2008-04-11</subfield>
    <subfield code="y">BK</subfield>
  </datafield>
  <datafield tag="952" ind1=" " ind2=" ">
    <subfield code="0">0</subfield>
    <subfield code="1">0</subfield>
    <subfield code="2">udc</subfield>
    <subfield code="4">0</subfield>
    <subfield code="7">0</subfield>
    <subfield code="a">101</subfield>
    <subfield code="b">101</subfield>
    <subfield code="d">2008-04-11</subfield>
    <subfield code="e">43/2008</subfield>
    <subfield code="g">24.00</subfield>
    <subfield code="i">112927</subfield>
    <subfield code="l">0</subfield>
    <subfield code="o">2(075.8) &#x411;82</subfield>
    <subfield code="p">112927</subfield>
    <subfield code="r">2021-11-04 00:00:00</subfield>
    <subfield code="w">2008-04-11</subfield>
    <subfield code="y">BK</subfield>
  </datafield>
  <datafield tag="952" ind1=" " ind2=" ">
    <subfield code="0">0</subfield>
    <subfield code="1">0</subfield>
    <subfield code="2">udc</subfield>
    <subfield code="4">0</subfield>
    <subfield code="7">0</subfield>
    <subfield code="a">101</subfield>
    <subfield code="b">101</subfield>
    <subfield code="d">2008-04-11</subfield>
    <subfield code="e">43/2008</subfield>
    <subfield code="g">24.00</subfield>
    <subfield code="i">112929</subfield>
    <subfield code="l">0</subfield>
    <subfield code="o">2(075.8) &#x411;82</subfield>
    <subfield code="p">112929</subfield>
    <subfield code="r">2021-11-04 00:00:00</subfield>
    <subfield code="w">2008-04-11</subfield>
    <subfield code="y">BK</subfield>
  </datafield>
</record>
